Detalles MARC
| 000 -CABECERA |
| campo de control de longitud fija |
01899nam a2200241 a 4500 |
| 001 - NÚMERO DE CONTROL |
| campo de control |
000015940 |
| 005 - FECHA Y HORA DE LA ÚLTIMA TRANSACCIÓN |
| campo de control |
20200929164217.0 |
| 008 - DATOS DE LONGITUD FIJA--INFORMACIÓN GENERAL |
| campo de control de longitud fija |
100222s1983 dr 001 0 spa d |
| 040 ## - FUENTE DE LA CATALOGACIÓN |
| Centro catalogador/agencia de origen |
DO-SdBNP |
| Lengua de catalogación |
spa |
| Centro/agencia transcriptor |
BNPHU |
| 082 ## - NÚMERO DE LA CLASIFICACIÓN DECIMAL DEWEY |
| Número de clasificación |
355.825119 |
| Número de documento/Ítem |
A347v, 1983 |
| 100 1# - ENTRADA PRINCIPAL--NOMBRE DE PERSONA |
| Nombre de persona |
Alcántara, Aníbal |
| 9 (RLIN) |
6633 |
| 245 14 - MENCIÓN DE TÍTULO |
| Título |
Las víctimas de una posible hoguera nuclear / |
| Mención de responsabilidad, etc. |
Aníbal Alcántara. |
| 250 ## - MENCIÓN DE EDICIÓN |
| Mención de edición |
2ª ed. |
| 260 ## - PUBLICACIÓN, DISTRIBUCIÓN, ETC. |
| Lugar de publicación, distribución, etc. |
Santo Domingo : |
| Nombre del editor, distribuidor, etc. |
Taller, |
| Fecha de publicación, distribución, etc. |
1983. |
| 300 ## - DESCRIPCIÓN FÍSICA |
| Extensión |
138 p. ; |
| Dimensiones |
21 cm. |
| 504 ## - NOTA DE BIBLIOGRAFÍA, ETC. |
| Nota de bibliografía, etc. |
Bibliografía: p.133-136. |
| 505 0# - NOTA DE CONTENIDO CON FORMATO |
| Información miscelánea |
Introducción -- |
| Título |
El Átomo -- |
| -- |
Historia del uranio -- |
| -- |
El uranio como posible combustible nuclear -- |
| -- |
La planta nuclear -- |
| -- |
Los desechos nucleares -- |
| -- |
Los desechos que produce el carbón mineral -- |
| -- |
Los accidentes nucleares -- |
| -- |
¿Será posible una guerra nuclear por accidente? -- |
| -- |
La radioactividad -- |
| -- |
La proliferación de las armas nucleares y sus consecuencias -- |
| -- |
Países que tienen el privilegio de pertenecer al Club de los "Poseedores de Armas Nucleares" -- |
| -- |
Países con capacidad técnica para desarrollar bomba nuclear y que posiblemente ya la poseen -- |
| -- |
La ciencia y sus frutos -- |
| -- |
Los satélites -- |
| -- |
El Pacto de Varsovia y el Pacto de la OTÁN -- |
| -- |
Europa - Las armas tácticas o de teatros y las complicadas negociaciones sobre la reducción de las armas de corto y mediano alcance -- |
| -- |
Las fuerzas estratégicas -- |
| -- |
Desarme, o por lo menos control de las armas nucleares -- |
| -- |
El jugoso negocio de la exportación de equipos militares por parte de los países ricos en desmedro de los pobres -- |
| -- |
Consecuencias de una guerra nuclear -- |
| -- |
Peligro de una guerra nuclear -- |
| -- |
La defensa civil en la eventualidad de una guerra nuclear -- |
| Información miscelánea |
Bibliografía. |
| 590 ## - NOTA LOCAL (RLIN) |
| Nota local |
Inventariado, 2018/ YL |
| 650 #4 - PUNTO DE ACCESO ADICIONAL DE MATERIA--TÉRMINO DE MATERIA |
| Término de materia o nombre geográfico como elemento de entrada |
Armas nucleares |
| 9 (RLIN) |
7434 |
| 650 #4 - PUNTO DE ACCESO ADICIONAL DE MATERIA--TÉRMINO DE MATERIA |
| Término de materia o nombre geográfico como elemento de entrada |
Guerra nuclear |
| 9 (RLIN) |
35824 |
| 650 #4 - PUNTO DE ACCESO ADICIONAL DE MATERIA--TÉRMINO DE MATERIA |
| Término de materia o nombre geográfico como elemento de entrada |
Control de la crisis nuclear |
| 9 (RLIN) |
35825 |
| 910 ## - DATOS DE OPCIÓN DEL USUARIO (OCLC) |
| Datos de opción del usuario |
Validado. Control de calidad EMS |